Report of The Joint Committee on Works and Housing, and Sanitation and Water Resources on The 2026 Budget Estimates of The Ministry of Works, Housing and Water Resources. (Record no. 5808)
[ view plain ]
| 000 -LEADER | |
|---|---|
| fixed length control field | 00746nam a22001697a 4500 |
| 003 - CONTROL NUMBER IDENTIFIER | |
| control field | OSt |
| 005 - DATE AND TIME OF LATEST TRANSACTION | |
| control field | 20251203162357.0 |
| 008 - FIXED-LENGTH DATA ELEMENTS--GENERAL INFORMATION | |
| fixed length control field | 251203b |||||||| |||| 00| 0 eng d |
| 041 ## - LANGUAGE CODE | |
| Language code of text/sound track or separate title | English |
| 082 ## - DEWEY DECIMAL CLASSIFICATION NUMBER | |
| Classification number | Acc No: 12,007 CR/WKS/25 |
| 110 ## - MAIN ENTRY--CORPORATE NAME | |
| Corporate name or jurisdiction name as entry element | Committee on Works and Housing |
| 245 ## - TITLE STATEMENT | |
| Title | Report of The Joint Committee on Works and Housing, and Sanitation and Water Resources on The 2026 Budget Estimates of The Ministry of Works, Housing and Water Resources. |
| 260 ## - PUBLICATION, DISTRIBUTION, ETC. | |
| Place of publication, distribution, etc. | Accra; |
| Name of publisher, distributor, etc. | Parliament of Ghana, |
| Date of publication, distribution, etc. | 2025. |
| 300 ## - PHYSICAL DESCRIPTION | |
| Extent | 17p.;tabs. |
| 653 ## - INDEX TERM--UNCONTROLLED | |
| Uncontrolled term | Report of The Joint Committee on Works and Housing, and Sanitation and Water Resources on The 2026 Budget Estimates of The Ministry of Works, Housing and Water Resources. |
| 942 ## - ADDED ENTRY ELEMENTS (KOHA) | |
| Source of classification or shelving scheme | Dewey Decimal Classification |
| Koha item type | Committee Reports |
| Suppress in OPAC | No |
| Withdrawn status | Lost status | Source of classification or shelving scheme | Damaged status | Not for loan | Home library | Current library | Shelving location | Date acquired | Total checkouts | Full call number | Date last seen | Copy number | Price effective from | Koha item type |
|---|---|---|---|---|---|---|---|---|---|---|---|---|---|---|
| Dewey Decimal Classification | Main Library | Main Library | Open Shelves | 03/12/2025 | Acc No: 12,007 CR/WKS/25 | 03/12/2025 | 1 | 03/12/2025 | Committee Reports | |||||
| Dewey Decimal Classification | Main Library | Main Library | Open Shelves | 03/12/2025 | Acc No: 12,008 CR/WKS/25 | 03/12/2025 | 2 | 03/12/2025 | Committee Reports |